000
00323nam a2200133 a 4500
005
20141022142008.0
008
120228s19uu xx 00 eng d
050
_a
CD-ROM
_b
M48 2001
100
_a
Meigs, Robert
245
_a
Financial accounting /
_c
Robert Meigs.
250
_a
10th ed.
260
_c
2001.
942
_c
AVM
999
_c
276623
_d
276623